Multifunkčné centrum

Gespeichert in:
Bibliographische Detailangaben
1. Verfasser: Greschnerová, Barbora (Verfasst von)
Weitere Verfasser: Húsenicová, Jarmila (Betreuung Doktorarbeit)
Format: Manuskript Buch
Sprache:Slowakisch
Veröffentlicht: 2021
Schlagworte:
Online-Zugang:http://is.stuba.sk/zp/portal_zp.pl?podrobnosti=166126
https://opac.crzp.sk/?fn=detailBiblioForm&sid=7E417B54B864B7C45225FE4635AB
Tags: Tag hinzufügen
Keine Tags, Fügen Sie das erste Tag hinzu!

MARC

LEADER 00000ntm a22000003a 4500
001 stuzp85862
003 SK-STU
005 20230512101807.4
007 ta
008 150427s2015----xo-----f-mn---000-0-slo-d
040 |a STU  |b slo 
041 0 |a slo 
100 1 |a Greschnerová, Barbora  |u 010310  |4 aut  |U SvF Stavebná fakulta  |T SvF Katedra architektúry  |X 75458  |U V181|V310  |Y 19  |7 75458 
242 0 1 |a Multifunctional area  |y eng 
245 1 0 |a Multifunkčné centrum 
260 |c 2021 
650 4 |a komunita  |2 slo 
650 4 |a rekonštrukcia  |2 slo 
650 4 |a základná umelecká škola  |2 slo 
650 4 |a multifunčkné centrum  |2 slo 
650 4 |a school of Arts  |2 eng 
650 4 |a multifunctional center  |2 eng 
650 4 |a community  |2 eng 
650 4 |a reconstruction  |2 eng 
700 1 |a Húsenicová, Jarmila  |u 010310  |k Z1  |4 ths  |U SvF Stavebná fakulta  |T SvF Katedra architektúry  |X 901  |U V181|V310  |Y 19  |7 A000000901 
856 4 |u http://is.stuba.sk/zp/portal_zp.pl?podrobnosti=166126 
856 4 |u https://opac.crzp.sk/?fn=detailBiblioForm&sid=7E417B54B864B7C45225FE4635AB